Artaud (Record no. 184966)

MARC details
000 -LEADER
campo de control de longitud fija 00973nam a2200253 i 4500
001 - NÚMERO DE CONTROL
campo de control 184966
003 - IDENTIFICADOR DE NÚMERO DE CONTROL
campo de control SpMaBN
005 - FECHA Y HORA DE LA ÚLTIMA TRANSACCIÓN
campo de control 20230906222324.0
008 - DATOS DE LONGITUD FIJA--INFORMACIÓN GENERAL
campo de control de longitud fija 160229s1975 sp |||| |bspa d
080 ## - NÚMERO DE LA CLASIFICACIÓN DECIMAL UNIVERSAL
Número de la Clasificación Decimal Universal 929 Artaud, Antonin
080 ## - NÚMERO DE LA CLASIFICACIÓN DECIMAL UNIVERSAL
Número de la Clasificación Decimal Universal 821.133.1 Artaud, Antonin 1.07
100 1# - ENTRADA PRINCIPAL--NOMBRE DE PERSONA
Nombre de persona Durozoi, Gérard.
9 (RLIN) 158892
245 10 - MENCIÓN DEL TÍTULO
Título Artaud
Resto del título : la enajenación y la locura /
Mención de responsabilidad, etc. Gérard Durozoi ; [traductor, José Delor].
246 34 - FORMA VARIANTE DEL TITULO
Título propio/Titulo breve Artaud, enajenación y locura
260 ## - PUBLICACIÓN, DISTRIBUCIÓN, ETC.
Lugar de publicación, distribución, etc. Madrid :
Nombre del editor, distribuidor, etc. Guadarrama,
Fecha de publicación, distribución, etc. [1975]
300 ## - DESCRIPCIÓN FÍSICA
Extensión 259 p. ;
Dimensiones 18 cm.
490 1# - MENCIÓN DE SERIE
Mención de serie Colección universitaria de bolsillo Punto omega. Literatura moderna ;
Designación de volumen o secuencia 188
504 ## - NOTA DE BIBLIOGRAFÍA, ETC.
Nota de bibliografía, etc. Bibliografía: p. 233-255.
600 17 - PUNTO DE ACCESO ADICIONAL DE MATERIA--NOMBRE DE PERSONA
Nombre de persona Artaud, Antonin.
9 (RLIN) 23422
600 14 - PUNTO DE ACCESO ADICIONAL DE MATERIA--NOMBRE DE PERSONA
Nombre de persona Artaud, Antonin-
Subdivisión general Crítica e interpretación.
9 (RLIN) 23423
830 0# - PUNTO DE ACCESO ADICIONAL DE SERIE-TÍTULO UNIFORME
Título uniforme Colección universitaria de bolsillo Punto omega. Literatura moderna ;
Designación de volumen o secuencia 188
9 (RLIN) 225154
852 ## - LOCALIZACIÓN
Ubicación ES-MaACL
Número de control de estantería L-30229
Nota libre . - Donat. Miguel A. Velasco
Holdings
Estatus retirado Estado de pérdida Estado de daño No para préstamo Biblioteca de origen Biblioteca actual Ubicación en estantería Fecha de adquisición Fuente de adquisición Total de préstamos Signatura topográfica completa Código de barras Visto por última vez Precio de reemplazo Tipo de ítem Koha
        Biblioteca del Ateneo de Madrid Biblioteca del Ateneo de Madrid Depósito 2 29/02/2016     L-30229 1194817 23/02/2023 23/02/2023 Libro impreso